000
00281nam a2200121Ia 4500
008
190216s9999||||xx |||||||||||||| ||und||
100
_a
Rabindranath Tagore
245
0
_a
Three Plays
260
_b
University Press
_c
1954
300
_a
157p
650
_a
English Drama
942
_c
BK
999
_c
11618
_d
11618